Statistiques concernant Monsieur et Madame…ont... #2

Cliquez ici pour prendre le quiz!

Statistiques générales

  • Ce quiz a été pris 51 fois
  • Le résultat moyen est 3 sur 15

Statistiques - réponses

Monsieur et Madameont un(e)Quel est son prénom ?% Correct
SérienfilsJean (j’en sais rien)
57%
EtparbalefilsGilles (gilet par balles)
55%
JavèlefilleAude (eau de javel)
51%
OrléfrittefilleJade (j’adore les frites)
40%
NiskotchfilleNicole (no colle ni scotch)
30%
UltoufilleJeanne (j’annule tout)
21%
LorgefilleLaure (l’horloge)
21%
TarefilsGuy (guitare)
17%
DissoirfilsAlain (à lundi soir)
9%
AirefilsAxel (accélère)
4%
SerolefilleJessica (j’ai six casseroles)
4%
NanafilsJudas (jus d’ananas)
4%
AtefilsTom (tomate)
4%
ScottfilleDebby (des biscottes)
2%
LeuzefilleLara (la râleuse)
2%

Distribution des résultats

Percentile par nombre de réponses

% des personnes avec chaque résultat

Votre développement - résultats

Vous n’avez pas pris ce quiz